| 000 | 01004cam a22003017a 4500 | ||
|---|---|---|---|
| 003 | CHAP | ||
| 005 | 20220329135602.0 | ||
| 008 | 971013s1973 r 00010 d | ||
| 010 | _a38877 | ||
| 011 | _a39849 | ||
| 035 | _a43974 | ||
| 040 | _cCHAP | ||
| 082 |
_a634.54 _bM6 |
||
| 100 | 0 | 0 |
_aMolina Novoa, Tomás. _977377 |
| 245 | 1 | 3 |
_aEl avellano _b: guía práctica de cultivo |
| 260 |
_aLérida, España : _bDilagro, _c1973 |
||
| 300 |
_a167 p. _b: ilus |
||
| 590 |
_aBATCH-UPD _b10 _c20130110 _lUCH01 _h2222 |
||
| 590 |
_aBATCH-UPD _b10 _c20130410 _lUCH01 _h1520 |
||
| 590 |
_aBATCH-UPD _b10 _c20130914 _lUCH01 _h0515 |
||
| 590 |
_aCONVERSION _b10 _c20130109 _lUCH01 _h1322 |
||
| 650 | 1 | 4 |
_aAvellana. _98496 |
| 901 | _aBK | ||
| 942 | _cLIBRO | ||
| 949 |
_a634.54 M6 _bBC _cLIBRO _d33724000205423 _eLIBRO _fc.3 _h12307 _i43974 _si _t130.00 |
||
| 949 |
_a634.54 M6 _bBC _cLIBRO _d33724000205431 _eLIBRO _h38434 _i43974 _si _t130.00 |
||
| 949 |
_a634.54 M6 _bBC _cLIBRO _d33724000206140 _eLIBRO _fc.2 _h38435 _i43974 _si _t130.00 |
||
| 999 |
_c38877 _d38877 |
||